00934nam a2200241Ia 450000100060000000300090000600800410001504000130005604000130006904100130008210000250009510000290012024500600014924500320020925000110024126000100025226000170026226000490027930000570032850002410038565000350062665000310066191077IT-RoPAU130308s9999 xx 000 0 und d aIT-RoPAU cIT-RoPAU aFRANCESE aAgostini Jean-Michel gCodice Aut. SPICS: 10128 aAudience depuis vingt-cinq ans (L')-Approche historique bAudience et Les Medias (L') a1a ed. aPARIS bOrganisation c1989 [1° Ed.:1989 - Ed.Ling.Originale:1989] a"28 p. (prefazione: no ; testo: 28 [pagine: 39-66])" aAudience Dopo 25 Anni Approccio Storico Come si è Definito e misurato l'audience di Ciascun Tipo di Media Approfondimenti Alla nozione di Audience Negli Ultimi 25 Anni 1962 1987 Ricerca di Dati Rispondenti Ai Bisogni dei Modelli Media aSAGGI DI COMUNICAZIONE SOCIALE eCodice materia Spics: 3807